The Originals (TV SHOW) - Statistics

General Stats
  • This quiz has been taken 339 times
    327 since last reset
  • The average score is 7 of 19
Answer Stats
Hint Answer % Correct
Who kills Josh the first time? Niklaus
88%
Who is the actor that plays Niklaus Mikaelson? Joseph Morgan
73%
Who is the Oldest Original Vampire? Mikael
73%
What are the names of All of the Originals? Esther, Mikael, Freya, Finn, Elijah, Klaus, Rebekah, Kol
69%
The Youngest? Kol
67%
What is the name of their Dead Brother? Henrik
66%
Who is the first Wolf Hayley Meets? Jackson
58%
Who is Sabine Really? Celeste
40%
Who is running New Orleans in season 1? Marcel Gerard
27%
Who takes Hope at the end of Season 1? Rebekah Mikaelson
27%
What does Marcellus stand for? Little Warrior
26%
Who gets linked to Klaus in Season 2? Dahlia
21%
Who Created the Werewolf Curse? The Hollow
21%
Who does Marcel kill with The Devil's Star? Monique Deveraux
7%
Who brings Klaus to town? Jane Ann Deveraux
2%
what is Aliquid Sub Sole? Anything under the sun
1%
How does Marcel control the Witches? Davina can sense the use of magic
0%
Who does Celeste resurrect? Papa Tunde,Genevieve,Bastianna
0%
Where does Papa Tunde get the power for the blade? The Garden
0%
No matching quizzes found
Score Distribution
Percent of People with Each Score
Percentile by Number Answered
Your Score History
You have not taken this quiz since the last reset